The Best of Styasit Ray (Record no. 4431)

MARC details
000 -LEADER
fixed length control field 00399nam a22001697a 4500
005 - DATE AND TIME OF LATEST TRANSACTION
control field 20260413112943.0
008 - FIXED-LENGTH DATA ELEMENTS--GENERAL INFORMATION
fixed length control field 160628b xxu||||| |||| 00| 0 eng d
020 ## - INTERNATIONAL STANDARD BOOK NUMBER
ISBN 0-14-302805-7
041 ## - LANGUAGE CODE
Language code of text/sound track or separate title eng
082 ## - DEWEY DECIMAL CLASSIFICATION NUMBER
Classification number 891.443
100 ## - MAIN ENTRY--AUTHOR NAME
Personal name Majumdar, Gopa
245 ## - TITLE STATEMENT
Title The Best of Styasit Ray
260 ## - PUBLICATION, DISTRIBUTION, ETC. (IMPRINT)
Name of publisher Penguin India
Year of publication 2001
300 ## - PHYSICAL DESCRIPTION
Number of Pages 301
650 ## - SUBJECT ADDED ENTRY--TOPICAL TERM
Topical Term Bengali fiction
942 ## - ADDED ENTRY ELEMENTS (KOHA)
Koha item type Books
Holdings
Lost status Damaged status Collection code Home library Current library Shelving location Date acquired Cost, normal purchase price Full call number Accession Number Koha item type
    LIFE SKILL JRU Library JRU Library SHELF-101-F 28/06/2016 250.00 891.443 10574 Books